Gatu beltza / (Record no. 98456)

MARC details
000 -LEADER
campo de control de longitud fija 00628nam a2200217 i 4500
001 - NÚMERO DE CONTROL
campo de control 98456
003 - IDENTIFICADOR DE NÚMERO DE CONTROL
campo de control ES-MaACL
005 - FECHA Y HORA DE LA ÚLTIMA TRANSACCIÓN
campo de control 20260104152736.0
007 - CAMPO FIJO DE DESCRIPCIÓN FÍSICA--INFORMACIÓN GENERAL
campo de control de longitud fija t|
008 - DATOS DE LONGITUD FIJA--INFORMACIÓN GENERAL
campo de control de longitud fija 050906s1973 sp ||||1| baq d
080 ## - NÚMERO DE LA CLASIFICACIÓN DECIMAL UNIVERSAL
Número de la Clasificación Decimal Universal 891.69-341"19"
100 1# - ENTRADA PRINCIPAL--NOMBRE DE PERSONA
Nombre de persona Peillen, Txomin.
9 (RLIN) 89979
245 10 - MENCIÓN DEL TÍTULO
Título Gatu beltza /
Mención de responsabilidad, etc. Txomin Peillen ; azala Javier de Villa.
260 ## - PUBLICACIÓN, DISTRIBUCIÓN, ETC.
Lugar de publicación, distribución, etc. Bilbao :
Nombre del editor, distribuidor, etc. Mensajero,
Fecha de publicación, distribución, etc. [1973]
300 ## - DESCRIPCIÓN FÍSICA
Extensión 105 p. ;
Dimensiones 18 cm.
490 1# - MENCIÓN DE SERIE
Mención de serie Gero Euskal Liburual ;
Designación de volumen o secuencia 24
700 1# - ENTRADA AGREGADA--NOMBRE PERSONAL
Nombre de persona Villa, Javier de.
9 (RLIN) 114870
830 0# - PUNTO DE ACCESO ADICIONAL DE SERIE-TÍTULO UNIFORME
Título uniforme Gero Euskal Liburuak
Designación de volumen o secuencia 24
9 (RLIN) 233272
852 ## - LOCALIZACIÓN
Ubicación ES-MaACL
Número de control de estantería C-52917
Sublocalización o colección R.86184
Holdings
Estatus retirado Estado de pérdida Estado de daño No para préstamo Biblioteca de origen Biblioteca actual Ubicación en estantería Fecha de adquisición Fuente de adquisición Total de préstamos Signatura topográfica completa Código de barras Visto por última vez Precio de reemplazo Tipo de ítem Koha
        Biblioteca del Ateneo de Madrid Biblioteca del Ateneo de Madrid Depósito 2 17/01/2008     C-52917 1102780 23/02/2023 23/02/2023 Libro impreso